00585 2200205 4500001002100000005001700021008004100038035002500079040001200104082001100116084001700127100003000144245005400174250001100228260002700239300004600266500003100312650002400343850001200367INLIS00000000001573320151106113225.0  a0010-111500000000346 aYOPDYOG a302.35 a302.35 Ali P aALIFIULAHTIN UTAMININGSIH aPerilaku organisasic/ Alifiulahtin Utaminingsih. aCet.1. aMalangbUB Pressc2014 axiii, 220 hlm.b: ilus.c; 24 cm [3 eks.] aBibliografi : hlm. 205-213 aPerilaku organisasi aYOPDYOG